000 00690cam3a220021700 4500
001 tmp15829610
003 UPRA
005 20190816094838.0
008 951104s1934 po und u
035 _a(Sirsi) r47379
035 _a(UPRA)tmp15829610
040 _cUPRA
100 2 _aAlves da Cruz, A.
_6A5440.1
245 1 0 _aNotas sobre a lingua "Chinsenga" (Dicionario e gramatica comparade com a lingua chinyungue) :
_bseparata da revista "Broteria", v. XIX, fasc 6, Dezembro de 1934.
260 _aLisboa,
_c1934.
650 0 _aSenga language.
_6S3904.1
650 0 _aTete language.
_6S3905.1
949 _aPL8110
_wlcc
_mMAIN
_tBOOK
_lON-SHELF
004 47379
987 _aWITHDRAWN
999 _c83618
_d83618